| 000 | 00845nas a2200277 4500 | ||
|---|---|---|---|
| 001 | BR2011004442 | ||
| 003 | BR-BrBNA | ||
| 005 | 20231205115516.0 | ||
| 007 | ta | ||
| 008 | 230509b bl.|||p| |||| 00| 00por d | ||
| 040 |
_aBR-BrBNA _bpor _cBiblioteca Nacional de Agricultura |
||
| 041 | _a(Pt) | ||
| 072 | _aL53 | ||
| 100 | 1 | _aMonteiro, A.B. | |
| 100 | 1 | _aOkuda, H.T. | |
| 100 | 1 | _aFernandez, L.H. | |
| 245 | 1 | _aO uso de dosagens decrescente de acetato de medroxiprogesterona (Map)na sincronização do estro em ovelhas | |
| 650 | _aOVINO | ||
| 650 | _aHORMÔNIO | ||
| 650 | _aSINCRONIZAÇÃO DO CIO | ||
| 650 | _aREPRODUÇÃO ANIMAL | ||
| 650 | _aPRENHEZ | ||
| 773 | 0 |
_tCultura Agronômica (Brazil) _xISSN 0104-1010 _g(2007), v. 16(1) p. 41-46 _wBR2011004442 |
|
| 909 |
_a202311 _bLúcia _c55 _dLúcia Elande |
||
| 942 |
_2AGRIS _n0 _cANA |
||
| 999 |
_c214167 _d214167 |
||